Population | City |
3,694,820 | Los Angeles | | 98.2% | 1,197,816 | Dallas | | 97.7% | 2,099,451 | Houston | | 97.7% | 399,457 | Miami | | 97.3% | 1,307,402 | San Diego | | 97.2% | 805,235 | San Francisco | | 96.9% | 1,327,407 | San Antonio | | 96.7% | 790,390 | Austin | | 96.1% | 821,784 | Jacksonville | | 94.8% | 945,942 | San Jose | | 94.1% | 466,488 | Sacramento | | 93.9% | 649,121 | El Paso | | 93.8% | 335,709 | Tampa | | 93.7% | 741,206 | Fort Worth | | 93.4% | 238,300 | Orlando | | 93% | 390,724 | Oakland | | 91.7% | 494,665 | Fresno | | 89.2% | 461,522 | Long Beach | | 87.8% | 336,265 | Anaheim | | 87% | 305,215 | Corpus Christi | | 86.7% | 181,376 | Tallahassee | | 86.6% | 347,483 | Bakersfield | | 85.5% | 244,769 | St. Petersburg | | 85.3% | 365,438 | Arlington | | 83.9% | 303,871 | Riverside | | 82.7% | 229,573 | Lubbock | | 82.4% | 324,528 | Santa Ana | | 81.5% | 259,841 | Plano | | 79.8% | 190,695 | Amarillo | | 79.5% | 165,521 | Fort Lauderdale | | 79% | 212,375 | Irvine | | 78.4% | 124,805 | Waco | | 77.8% | 236,091 | Laredo | | 77.4% | 209,924 | San Bernardino | | 77.4% | 291,707 | Stockton | | 76.9% | 137,122 | Pasadena | | 76.8% | 149,043 | Pasadena | | 76.8% | 216,290 | Irving | | 75.7% |
|
Population | City |
224,669 | Hialeah | | 75.2% | 175,023 | Brownsville | | 74.5% | 243,916 | Chula Vista | | 74% | 201,165 | Modesto | | 72.5% | 214,089 | Fremont | | 70.1% | 197,899 | Oxnard | | 69.3% | 226,876 | Garland | | 69.2% | 189,992 | Huntington Beach | | 68.5% | 140,768 | Hollywood | | 67.8% | 191,719 | Glendale | | 66.7% | 116,468 | Santa Clara | | 66.1% | 176,320 | Santa Clarita | | 65.4% | 124,354 | Gainesville | | 65.3% | 129,877 | McAllen | | 64.9% | 136,416 | Orange | | 64.3% | 167,815 | Santa Rosa | | 63.3% | 163,924 | Ontario | | 62.2% | 167,086 | Oceanside | | 61.8% | 112,580 | Berkeley | | 61.5% | 164,603 | Port St. Lucie | | 60.9% | 154,305 | Cape Coral | | 59.6% | 165,269 | Rancho Cucamonga | | 58.9% | 111,147 | Midland | | 58.5% | 196,069 | Fontana | | 58.2% | 126,683 | Thousand Oaks | | 57.5% | 149,058 | Pomona | | 57.4% | 154,750 | Pembroke Pines | | 56.7% | 193,365 | Moreno Valley | | 56.6% | 103,340 | Burbank | | 56.3% | 117,063 | Abilene | | 56.1% | 150,441 | Salinas | | 55.8% | 143,911 | Escondido | | 55.7% | 127,921 | Killeen | | 55.6% | 156,633 | Lancaster | | 55.5% | 139,824 | Mesquite | | 55.2% | 118,296 | Beaumont | | 54.8% | 152,750 | Palmdale | | 54.3% | 152,374 | Corona | | 54.1% |
|
Population | City |
135,161 | Fullerton | | 53.8% | 145,438 | Torrance | | 53.8% | 107,685 | Clearwater | | 53.7% | 131,117 | McKinney | | 53.6% | 153,015 | Elk Grove | | 53.4% | 175,396 | Grand Prairie | | 53.2% | 170,883 | Garden Grove | | 52.8% | 106,433 | Ventura | | 52.5% | 115,942 | Vallejo | | 52.3% | 104,553 | Wichita Falls | | 52.1% | 144,186 | Hayward | | 51.6% | 140,081 | Sunnyvale | | 51.1% | 113,383 | Denton | | 50.8% | 124,442 | Visalia | | 50.2% | 109,673 | Inglewood | | 50.2% | 107,167 | Miami Gardens | | 50% | 124,237 | Simi Valley | | 47.8% | 121,096 | Coral Springs | | 47.1% | 101,123 | Daly City | | 46.9% | 116,989 | Frisco | | 46.6% | 103,701 | Richmond | | 46.5% | 122,067 | Concord | | 45.4% | 115,903 | Victorville | | 44.4% | 100,097 | Temecula | | 44.3% | 105,328 | Carlsbad | | 43.3% | 113,475 | El Monte | | 42.2% | 118,788 | Roseville | | 42.1% | 102,372 | Antioch | | 42% | 106,098 | West Covina | | 42% | 109,960 | Costa Mesa | | 41.5% | 111,772 | Downey | | 41.1% | 122,041 | Miramar | | 40.5% | 119,097 | Carrollton | | 39% | 103,190 | Palm Bay | | 38.5% | 105,321 | Fairfield | | 37.8% | 105,549 | Norwalk | | 37.7% | 103,466 | Murrieta | | 35.7% |
|
Comments